කොලඹ ප්රාචින භාෂොපකාර සමාගමේ ශාස්ත්රිිය සඞග්රහය (Record no. 219223)
[ view plain ]
| 000 -LEADER | |
|---|---|
| fixed length control field | 01099nam a22002297a 4500 |
| 003 - CONTROL NUMBER IDENTIFIER | |
| control field | LK-CoDNM |
| 005 - DATE AND TIME OF LATEST TRANSACTION | |
| control field | 20241014114458.0 |
| 008 - FIXED-LENGTH DATA ELEMENTS--GENERAL INFORMATION | |
| fixed length control field | 241014b |||||||| |||| 00| 0 eng d |
| 040 ## - CATALOGING SOURCE | |
| Original cataloging agency | LK-CoDNM |
| Modifying agency | LK-CoDNM |
| Description conventions | LK-CoDNM |
| 041 ## - LANGUAGE CODE | |
| Language code of text/sound track or separate title | Sinhala; Sinhalese |
| 080 ## - UNIVERSAL DECIMAL CLASSIFICATION NUMBER | |
| Universal Decimal Classification number | ප්ර ක |
| Item number | 56 |
| 942 ## - ADDED ENTRY ELEMENTS (KOHA) | |
| Koha item type | Books |
| 100 ## - MAIN ENTRY--PERSONAL NAME | |
| Personal name | පෙරේරා, කේ ඩි ඇම් |
| 700 ## - ADDED ENTRY--PERSONAL NAME | |
| Personal name | තල්පාවිල ශිලවංශ නායක ස්ථවිර |
| 245 ## - TITLE STATEMENT | |
| Title | කොලඹ ප්රාචින භාෂොපකාර සමාගමේ ශාස්ත්රිිය සඞග්රහය |
| Remainder of title | 1918 |
| Statement of responsibility, etc. | 1 වෙනි කාණ්ඩය 1 වෙනි කලාපය |
| 246 ## - VARYING FORM OF TITLE | |
| Title proper/short title | journal of the oriental studies society for the promotion and encourtagements of oriental studies |
| 260 ## - PUBLICATION, DISTRIBUTION, ETC. (IMPRINT) | |
| Name of publisher, distributor, etc. | COLOMBO |
| Date of publication, distribution, etc. | 1919 |
| 300 ## - PHYSICAL DESCRIPTION | |
| Extent | 96P. : ill ; 25 CM |
| 650 ## - SUBJECT ADDED ENTRY--TOPICAL TERM | |
| Topical term or geographic name as entry element | කොලඹ ප්රාචින භාෂොපකාර සමාගමේ ශාස්ත්රිිය සඞග්රහය |
| 650 ## - SUBJECT ADDED ENTRY--TOPICAL TERM | |
| Topical term or geographic name as entry element | journal of the oriental studies society |
| 650 ## - SUBJECT ADDED ENTRY--TOPICAL TERM | |
| Topical term or geographic name as entry element | ප්රක 56 |
| Withdrawn status | Lost status | Damaged status | Not for loan | Collection code | Permanent Location | Current Location | Shelving location | Date acquired | Full call number | Barcode | Koha item type |
|---|---|---|---|---|---|---|---|---|---|---|---|
| Damaged | Old Books Collection | Library National Museum Colombo - Sri Lanka | Library National Museum Colombo - Sri Lanka | Reference | 2024-10-14 | ප්ර ක 56 | OJP3255-3 | Books |


